[Event "IECG CN.2000.0.00227"]
[Site "IECG email"]
[Date "2000.12.19"]
[Round "?"]
[White "Marson, Bernardo"]
[Black "Venturas, Bob"]
[Result "1-0"]
[WhiteElo "800"]
[BlackElo "600"]
[PlyCount "51"]
[EventDate "2000.12.19"]
[EventType "tourn (corr)"]
[EventRounds "6"]
[SourceTitle "Corr 2008"]
[Source "ChessBase"]
[SourceDate "2008.06.24"]
[SourceVersion "1"]
[SourceVersionDate "2008.06.24"]
[SourceQuality "1"]

1. e4 e5 2. Nf3 Nc6 3. Bb5 Bc5 4. 0-0 a6 5. Ba4 b5 6. Bb3 a5 7. c3 Ba6 8. d4 exd4 9. cxd4 Bb6 10. Re1 a4 11. Bc2 h6 12. Nc3 Nge7 13. e5 Ba5 14. Nh4 Bxc3 15. bxc3 Nd5 16. Qf3 Nb6 17. Nf5 g6 18. Ng7+ Kf8 19. Bxg6 Qe7 20. Nf5 Qe6 21. Bh5 Ne7 22. Nxe7 Kxe7 23. Ba3+ Kd8 24. Bxf7 Qc6 25. d5 Qb7 26. Qf6+ 1-0

[Event "IECG CN.2000.0.00227"]
[Site "IECG email"]
[Date "2000.12.19"]
[Round "?"]
[White "Ronda, Achille"]
[Black "Marson, Bernardo"]
[Result "1-0"]
[WhiteElo "900"]
[BlackElo "800"]
[PlyCount "53"]
[EventDate "2000.12.19"]
[EventType "tourn (corr)"]
[EventRounds "6"]
[SourceTitle "Corr 2008"]
[Source "ChessBase"]
[SourceDate "2008.06.24"]
[SourceVersion "1"]
[SourceVersionDate "2008.06.24"]
[SourceQuality "1"]

1. e4 e5 2. Nf3 Nc6 3. Bb5 a6 4. Ba4 d6 5. 0-0 Nf6 6. Re1 Bd7 7. c3 Be7 8. d4 b5 9. Bb3 0-0 10. d5 Na5 11. Bc2 c5 12. b3 c4 13. b4 Nb7 14. a3 a5 15. Bb2 axb4 16. cxb4 Nh5 17. Nxe5 dxe5 18. Qxh5 f6 19. Nd2 Be8 20. Qh4 Nd6 21. f4 f5 22. Qh3 exf4 23. e5 Ne4 24. Nxe4 fxe4 25. Bxe4 h6 26. d6 Bg5 27. Bd5+ 1-0